| 000 | 00476nam a22001697a 4500 | ||
|---|---|---|---|
| 003 | OSt | ||
| 005 | 20140310182337.0 | ||
| 008 | 130925t xxu||||| |||| 00| 0 eng d | ||
| 050 |
_aPR 6023 _b.R649 1983 |
||
| 082 |
_aGS 220.9 _bRo54 1983 |
||
| 100 |
_aRobertson, Jenny _921603 |
||
| 245 |
_aThe ladybird Bible story book / _cRobertson, Jenny |
||
| 260 |
_aLondon : _bLadybird, _cc1983. |
||
| 300 |
_a377 p. _bill. ; (col.) ; _c25 cm. |
||
| 942 |
_2lcc _cBK-GS |
||
| 999 |
_c12072 _d12072 |
||